[Event "KAZ-ch Men 2017"]
[Site "Almaty"]
[Date "2017.04.15"]
[Round "5"]
[White "Ismagambetov, Anuar"]
[Black "Kostenko, Petr"]
[Result "1-0"]
[WhiteElo "2545"]
[BlackElo "2440"]
[Annotator "TA"]
[PlyCount "79"]
[EventDate "2017.??.??"]
[EventType "tourn"]
[EventCountry "KAZ"]
[SourceTitle "playchess.com"]
[Source "ChessBase"]
[SourceQuality "1"]

{[%evp 23,79,4,3,-2,0,-15,0,-29,-33,-52,-52,-38,-24,-37,-8,-13,21,25,72,56,200,196,191,188,194,187,165,176,286,339,327,307,279,291,29996,29997,29997,234,266,261,449,459,449,445,1170,1177,1097,1065,1900,1956,1840,1863,29995,29996,29996,29997,29997,29998]} 1. e4 e6 2. d4 d5 3. Nc3 Nf6 4. e5 Nfd7 5. f4 c5 6. Nf3 Nc6 7. Be3 a6 8. Qd2 b5 9. dxc5 Bxc5 10. Bd3 {C11: French: Classical System: 4 e5 and 4 Bg5 dxe4} Qb6 11. Bf2 h6 12. O-O (12. a3 O-O 13. O-O Ra7 14. Rae1 b4 15. axb4 Qxb4 16. f5 exf5 17. Bxf5 Nb6 {1-0 (30) Harikrishna,P (2768)-Bluebaum,M (2641) Novi Sad 2016}) 12... Bxf2+ {LiveBook: 4 Games} 13. Rxf2 Nc5 14. Re1 $146 (14. a3 O-O 15. Raf1 a5 16. Ne2 b4 17. axb4 axb4 {½-½ (37) Van Foreest,J (2514)-L'Ami,E (2628) Dieren 2015}) 14... b4 15. Nd1 O-O 16. Ne3 Rd8 {Threatens to win with ...Ne4.} 17. Qe2 $1 a5 18. f5 $1 {[%cal Bf4f5,Bf5f6][%mdl 32]} Ne4 19. f6 $1 Ba6 20. Rff1 Ra7 21. Kh1 gxf6 (21... g6 $1 $14) 22. exf6 $18 Nxf6 23. Nh4 Qd4 {Strongly threatening ...Bxd3.} (23... Bxd3 24. cxd3 Qd4 25. Nef5 $1 {[%mdl 512]} exf5 26. Nxf5) 24. Nef5 exf5 25. Nxf5 {[#]} Qxb2 (25... Qe5 $142 $1 {[%mdl 512]}) 26. Bxa6 (26. Nxh6+ Kf8 27. Bxa6 Re8 $11) 26... Re8 27. Qf3 (27. Nxh6+ Kf8 28. Qd3 Rxe1 29. Rxe1 Qc3 $15) 27... Rxe1 28. Qg3+ {[#]} (28. Rxe1 Qc3 29. Re3 (29. Nxh6+ Kf8 30. Re3 Qa1+ 31. Bf1 Ne4 $11) 29... Qa1+ 30. Bf1 Ne4 $11) 28... Kf8 $2 (28... Ng4 $1 $18) 29. Qg7+ Ke8 30. Rxe1+ $2 (30. Qh8+ {mates} Ng8 31. Qxg8+ Kd7 32. Qc8#) 30... Kd8 31. Bb5 {Threatening mate with Qf8+.} (31. Qxh6 Rxa6 32. Qf8+ Kc7 33. Qxf7+ Nd7 34. Qxd5 Nde5 35. Qd6+ Kb7 $17) 31... Kc7 $2 (31... Qc3 32. Rf1 (32. Qf8+ Kc7 33. Rf1 Ne4 $16) 32... Kc7 33. Qxh6 (33. Nxh6 Kb6 $16) 33... Nd7) 32. Qg3+ (32. Qxh6 Qc3 33. Rf1 Nd7 $18) 32... Kb6 33. Bxc6 Kxc6 (33... Qc3 $142 34. Qxc3 bxc3) 34. Qd6+ Kb5 {[#]} 35. c4+ $1 {[%mdl 512]} (35. Nxh6 Qc3 36. Rb1 (36. Rf1 Ra6 37. Qf4 Ka4 $17) 36... Rd7 $11) 35... Ka4 (35... Kxc4 36. Qc6+) 36. Qc6+ ({Not} 36. cxd5 Qc3 37. Qc6+ Qxc6 38. dxc6 Kb5 $15) 36... Ka3 37. Re3+ Kxa2 38. Qa4+ {White mates.} Qa3 39. Re2+ Kb1 40. Qc2+ 1-0

[Event "KAZ-ch Men 2017"]
[Site "Almaty"]
[Date "2017.04.15"]
[Round "5"]
[White "Utegaliyev, Azamat"]
[Black "Saduakassova, Dinara"]
[Result "1/2-1/2"]
[WhiteElo "2516"]
[BlackElo "2449"]
[Annotator "TA"]
[PlyCount "199"]
[EventDate "2017.??.??"]
[EventType "tourn"]
[EventCountry "KAZ"]
[SourceTitle "playchess.com"]
[Source "ChessBase"]
[SourceQuality "1"]

{[%evp 14,199,-9,-5,-4,-8,1,-36,6,15,10,-3,-7,1,8,-49,0,0,-1,-12,6,12,18,0,6,0,0,0,0,0,14,14,20,0,29,0,0,0,8,4,33,32,38,31,17,0,0,0,0,0,0,0,0,0,0,0,0,0,0,0,0,0,16,16,8,18,24,0,0,0,0,0,0,0,0,0,0,0,0,0,0,0,0,0,185,191,193,0,0,0,0,0,0,0,0,0,0,0,0,0,0,0,0,0,0,0,0,0,41,0,0,0,0,0,0,0,0,0,8,8,8,0,0,0,41,41,41,41,41,0,41,0,41,41,41,41,41,41,41,41,41,41,41,41,41,41,41,41,41,41,41,41,41,0,41,41,41,41,41,0,41,41,135,0,156,41,41,41,29973,29974,29973,29974,29971,41,41,41,41,41,41,0,0,0,0,0,41,0,0,0]} 1. c4 e5 2. g3 c6 3. Nf3 e4 4. Nd4 d5 5. cxd5 Qxd5 6. Nc2 Nf6 7. Bg2 Qh5 8. h3 Bc5 {A20: English Opening: 1...e5} (8... Nbd7 9. Nc3 Qg6 10. Ne3 Bc5 11. Qc2 Bxe3 12. dxe3 Nc5 13. b4 Na6 14. Rb1 Bf5 15. b5 cxb5 16. Nxb5 {1-0 (48) Svidler,P (2759)-Wang,H (2734) Almaty 2016}) 9. b4 Bd6 $146 (9... Bb6 10. Bb2 Nbd7 11. Ne3 O-O 12. Nc3 Re8 13. Qc2 Qg6 14. b5 Bd4 15. bxc6 bxc6 16. Qa4 {½-½ (61) Ward,C (2486)-Lalic,B (2523) Southend 2002}) 10. Bb2 Nbd7 {Black is slightly better.} 11. Nc3 Qg6 12. b5 O-O 13. Ne3 Nb6 14. d3 (14. h4 $11) 14... exd3 15. Qxd3 Qxd3 16. exd3 Be6 17. O-O Be5 18. bxc6 (18. a4 $5 {with more complications.} cxb5 19. axb5 Rfd8 20. Rfd1 Rac8 21. Na4) 18... bxc6 19. Ncd1 {[%cal Bc3d1,Bd1b2,Bb2c4][%mdl 32]} Bxb2 20. Nxb2 Nbd5 21. Nxd5 Bxd5 22. Rfc1 Rfd8 23. Rc2 Kf8 24. Nc4 Bxg2 25. Kxg2 Rd5 26. Rb1 Re8 27. Rb7 Re7 28. Rxe7 Kxe7 $14 {[%mdl 4096] Endgame KRN-KRN} 29. Ne3 Rxd3 30. Rxc6 Ra3 31. Nf5+ Kd7 32. Rd6+ Kc7 33. Rd2 Ne8 34. g4 g6 35. Ne3 Ra5 36. Kg3 Nf6 37. Rd4 {White wants to play Rf4.} g5 38. h4 h6 39. a4 Re5 40. h5 Ne4+ $1 41. Kf3 Nd6 42. Rd5 Re4 43. a5 Rf4+ 44. Kg2 Kc6 45. f3 Nc4 46. Rd3 Nxe3+ 47. Rxe3 $11 {KR-KR} Kd6 48. Re8 f5 $2 (48... Ra4 $11 {and Black is okay.}) 49. gxf5 $1 $18 (49. Rh8 $6 fxg4 50. Rxh6+ Ke5 $14) 49... Rxf5 {[#]} 50. Kg3 $2 ({White has to play} 50. a6 $1 $18) 50... Rxa5 $11 51. Rh8 Ke6 52. Rxh6+ Kf7 53. Kg4 Kg7 54. Rc6 (54. Rg6+ $5 {looks sharper.} Kh7 55. Rf6 Ra1 56. Kf5 Ra4 57. Rc6) 54... Kh7 55. Rd6 Rb5 56. Ra6 Rb6 57. Ra5 a6 58. Rxg5 Rb5 59. Rg6 Ra5 60. f4 Ra1 61. Rb6 a5 62. Kg5 Rg1+ 63. Kf6 a4 64. Rb7+ Kh6 65. Rb8 {[%cal Rb8h8]} Kh7 66. Ra8 Ra1 67. f5 a3 68. h6 a2 69. Ra3 Kh8 70. Ra7 Kg8 71. Ra8+ (71. Rg7+ Kh8 72. Ra7 Kg8 $18) 71... Kh7 72. Ra3 Kh8 73. Ra4 ({Weaker is} 73. Ra7 Kg8 74. Ra8+ (74. Rg7+ Kh8 75. Ra7 $18) 74... Kh7 $18) 73... Kg8 $1 ({But not} 73... Kh7 $2 74. Ra8 $18) 74. Ra7 Kh8 75. h7 Rb1 76. Rxa2 Rb6+ 77. Kf7 Rb7+ 78. Kg6 {Intending Ra8+ and mate.} Ra7 79. Rh2 (79. Rd2 $5 {is more complex.} Rg7+ 80. Kf6 Kxh7 81. Rd6 Rg8 82. Kf7) 79... Ra6+ 80. Kg5 Rb6 81. Rh5 {Threatens to win with Rh2.} Ra6 82. Kf4 {Kg5 is the strong threat.} Ra4+ 83. Kg5 {aiming for Rh2.} Ra6 84. Rh4 {Hoping for Rh1.} Rb6 85. Rh3 Ra6 86. Rh2 {Black must now prevent Rh5.} Rb6 87. Rh1 {And now Rh4 would win.} Ra6 ({Better is} 87... Rc6 $14 88. Rh5 Rb6) 88. Rh4 Rb6 {[#]} 89. Re4 (89. Rh2 $1 $16) 89... Kxh7 $14 90. Re6 Rb8 $2 {[%mdl 8192]} (90... Rb4 $14) 91. Re7+ Kg8 92. Kg6 Kf8 93. Kf6 $2 (93. Ra7 {mates} Rb1 94. Ra8+ Ke7 95. f6+ Kd7 96. f7 Rg1+ 97. Kh5 Rh1+ 98. Kg5 Rg1+ 99. Kh4 Rh1+ 100. Kg5 Rg1+ 101. Kh6 Rh1+ 102. Kg5) 93... Rb6+ 94. Re6 Rb7 95. Ra6 {Threatening mate with Ra8+.} Rf7+ 96. Kg6 {White wants to mate with Ra8+.} Rg7+ 97. Kh6 {Strongly threatening Ra8+.} Rg1 98. Rg6 Rh1+ 99. Kg5 Kf7 100. Rf6+ 1/2-1/2

[Event "KAZ-ch Men 2017"]
[Site "Almaty"]
[Date "2017.04.15"]
[Round "5"]
[White "Kuderinov, Kirill"]
[Black "Makhnyov, Denis"]
[Result "1-0"]
[WhiteElo "2482"]
[BlackElo "2379"]
[Annotator "TA"]
[PlyCount "75"]
[EventDate "2017.??.??"]
[EventType "tourn"]
[EventCountry "KAZ"]
[SourceTitle "playchess.com"]
[Source "ChessBase"]
[SourceQuality "1"]

{[%evp 19,75,-49,-45,-82,-69,-83,-86,-82,-90,-92,-39,-30,-24,-19,0,-27,7,0,0,0,0,-9,-4,0,0,-37,175,-155,-147,-161,138,134,140,140,133,139,141,111,145,145,472,465,454,437,608,601,598,577,579,567,776,776,872,659,4132,4132,1868,1824]} 1. e4 e5 2. Nf3 Nc6 3. d4 exd4 4. Nxd4 Nf6 5. Nxc6 bxc6 6. Bd3 d5 7. e5 Ng4 8. Bf4 Bc5 9. O-O f6 {C45: Scotch Game} (9... g5 10. Bg3 h5 11. Be2 Rb8 12. Nd2 Qe7 13. Nb3 Be6 14. Rc1 Nh6 15. Bxh5 g4 16. Bf4 Rb4 17. c4 {½-½ (86) Kraus,T (2399)-Hansen,M (2296) Pardubice 2015}) 10. e6 Bxe6 {LiveBook: 3 Games} 11. h3 Ne5 {Black is better.} 12. Bxe5 fxe5 13. Qh5+ Kd7 14. Qxe5 Qf6 ({Black should play} 14... Rf8 $1 $17 {aiming for ...Qh4.} 15. Qxg7+ Rf7) 15. Qxf6 $15 gxf6 16. Nd2 $146 (16. Kh2 Rab8 17. b3 {0-1 (31) Boogaard,S-Cebula,J (2002) Roosendaal 2011}) 16... Rab8 17. Rab1 Rb4 18. a3 Rf4 19. b4 $36 {[%mdl 2048] White is more active.} Bb6 20. g3 Rg8 {Hoping for ...Rxg3+.} 21. Kg2 h5 22. Be2 Bxf2 $2 {[#]} (22... h4 $15 {keeps the upper hand.}) 23. Bg4 $2 ({Only move:} 23. Rb3 $1 $18) 23... Bxg3 $1 $17 ({Don't play} 23... hxg4 24. gxf4 g3 25. h4 $17) 24. Kxg3 Rd4 $2 {[#]} (24... Rxf1 $19 25. Rxf1 f5) 25. Nb3 $1 $16 {[%cal Rb3d4]} Rc4 26. Nc5+ Rxc5 27. bxc5 f5 28. Rbe1 fxg4 {[%mdl 4096] Endgame KRR-KRB} 29. h4 {[%cal Bh3h4,Bh4h5,Bh5h6][%mdl 32]} Ke7 $2 {[%mdl 8192]} (29... Rg7 $16 {is tougher.}) 30. Rf5 {White is clearly winning.} Rh8 31. Ree5 Rh6 32. Rxh5 Rf6 33. Rh7+ Kd8 34. h5 d4 35. h6 Rf3+ 36. Kg2 Bd5 {[#]} 37. Rxd5+ $1 {[%mdl 512]} cxd5 38. Rg7 1-0

[Event "KAZ-ch Men 2017"]
[Site "Almaty"]
[Date "2017.04.15"]
[Round "5"]
[White "Saiyn, Zhanat"]
[Black "Nugumanov, Bakhtiyar"]
[Result "1/2-1/2"]
[WhiteElo "2395"]
[BlackElo "2350"]
[Annotator "ChessBase"]
[PlyCount "150"]
[EventDate "2017.??.??"]
[EventType "tourn"]
[EventCountry "KAZ"]
[SourceTitle "playchess.com"]
[Source "ChessBase"]
[SourceQuality "1"]
[TimeControl "40/5400+30:1800+30"]

1. d4 {[%emt 0:04:09]} e6 {[%emt 0:00:25]} 2. c4 {[%emt 0:00:28]} Bb4+ {[%emt 0:00:06]} 3. Nd2 {[%emt 0:02:05]} d5 {[%emt 0:02:55]} 4. Qa4+ {[%emt 0:00:41]} Nc6 {[%emt 0:00:27]} 5. a3 {[%emt 0:00:54]} Be7 {[%emt 0:04:11]} 6. Ngf3 {[%emt 0:00:46]} Nf6 {[%emt 0:01:21]} 7. e3 {[%emt 0:04:19]} O-O {[%emt 0:01:05]} 8. Qc2 {[%emt 0:00:07]} b6 {[%emt 0:08:10]} 9. Bd3 {[%emt 0:17:48]} Bb7 {[%emt 0:00:33]} 10. O-O {[%emt 0:00:38]} a5 {[%emt 0:05:59]} 11. b3 {[%emt 0:00:30]} Nb8 {[%emt 0:07:22]} 12. e4 {[%emt 0:14:15]} dxe4 {[%emt 0:02:39]} 13. Nxe4 {[%emt 0:00:10]} Nbd7 {[%emt 0:00:29]} 14. Bb2 {[%emt 0:00:56]} Nxe4 {[%emt 0:05:58]} 15. Bxe4 {[%emt 0:00:11]} Bxe4 {[%emt 0:00:15]} 16. Qxe4 {[%emt 0:00:14]} c5 {[%emt 0:01:25]} 17. Rad1 {[%emt 0:09:46]} Nf6 {[%emt 0:04:37]} 18. Qc6 {[%emt 0:13:29]} Qb8 {[%emt 0:05:44]} 19. Rfe1 {[%emt 0:08:47]} Rc8 {[%emt 0:08:35]} 20. Qb5 {[%emt 0:01:03]} a4 {[%emt 0:04:15]} 21. bxa4 {[%emt 0:00:47]} Ra5 {[%emt 0:05:43]} 22. Qb3 {[%emt 0:00:05]} cxd4 {[%emt 0:00:45]} 23. Bxd4 {[%emt 0:01:03]} Qa8 {[%emt 0:00:24]} 24. Bxb6 {[%emt 0:09:36]} Rxa4 {[%emt 0:00:15]} 25. Ne5 {[%emt 0:01:07]} Rxa3 {[%emt 0:02:33]} 26. Qb5 {[%emt 0:02:57]} Qb7 {[%emt 0:04:09]} 27. Nd7 {[%emt 0:01:37]} Ne4 {[%emt 0:01:02]} 28. Qe5 {[%emt 0:01:33]} Rxc4 {[%emt 0:03:35]} 29. Bd4 {[%emt 0:02:52]} Nf6 {[%emt 0:00:32]} 30. Bc5 {[%emt 0:01:31]} Nxd7 {[%emt 0:05:09]} 31. Bxe7 {[%emt 0:00:05]} Ra8 {[%emt 0:00:48]} 32. Qd6 {[%emt 0:00:35]} Nf8 {[%emt 0:01:07]} 33. Rb1 {[%emt 0:00:48]} Qc8 {[%emt 0:01:45]} 34. Bxf8 {[%emt 0:00:35]} Qxf8 {[%emt 0:00:01]} 35. Qxf8+ {[%emt 0:00:19]} Kxf8 {[%emt 0:00:23]} 36. Rec1 {[%emt 0:00:06]} Rxc1+ {[%emt 0:00:17]} 37. Rxc1 {[%emt 0:00:04]} Ke7 {[%emt 0:00:38]} 38. h4 {[%emt 0:00:14]} Ra7 {[%emt 0:00:43]} 39. g3 {[%emt 0:00:05]} Kf6 {[%emt 0:00:28]} 40. Kg2 {[%emt 0:00:20]} e5 {[%emt 0:30:55]} 41. Rc5 {[%emt 0:31:09]} Kf5 {[%emt 0:00:41]} 42. Rb5 {[%emt 0:00:18]} f6 {[%emt 0:00:27]} 43. Rb4 {[%emt 0:00:13]} h5 {[%emt 0:00:44]} 44. Rc4 {[%emt 0:00:15]} Ra2 {[%emt 0:00:39]} 45. Rc7 {[%emt 0:00:45]} g6 {[%emt 0:01:11]} 46. Re7 {[%emt 0:01:21]} Ra6 {[%emt 0:04:46]} 47. Rg7 {[%emt 0:00:00]} Re6 {[%emt 0:00:00]} 48. Rg8 {[%emt 0:00:00]} e4 {[%emt 0:00:00]} 49. Rg7 {[%emt 0:00:00]} Rd6 {[%emt 0:00:00]} 50. Re7 {[%emt 0:00:00]} Rd2 {[%emt 0:00:00]} 51. Re8 {[%emt 0:00:00]} Rd6 {[%emt 0:00:00]} 52. Re7 {[%emt 0:00:00]} Re6 {[%emt 0:00:00]} 53. Rg7 {[%emt 0:00:00]} e3 {[%emt 0:00:00]} 54. fxe3 {[%emt 0:00:00]} Rxe3 {[%emt 0:00:00]} 55. Rg8 {[%emt 0:00:00]} g5 {[%emt 0:00:00]} 56. hxg5 {[%emt 0:00:00]} fxg5 {[%emt 0:00:00]} 57. Ra8 {[%emt 0:00:00]} Re4 {[%emt 0:01:12]} 58. Ra2 {[%emt 0:00:00]} Rc4 {[%emt 0:01:11]} 59. Rb2 {[%emt 0:00:00]} g4 {[%emt 0:00:42]} 60. Rf2+ {[%emt 0:00:00]} Ke5 {[%emt 0:01:22]} 61. Re2+ {[%emt 0:00:00]} Kd4 {[%emt 0:00:17]} 62. Re8 {[%emt 0:00:00]} Rc2+ {[%emt 0:00:16]} 63. Kg1 {[%emt 0:00:00]} Rc5 {[%emt 0:00:51]} 64. Kg2 {[%emt 0:00:00]} Re5 {[%emt 0:00:39]} 65. Rf8 {[%emt 0:00:00]} Kd3 {[%emt 0:00:24]} 66. Rf7 {[%emt 0:00:00]} Ke3 {[%emt 0:01:57]} 67. Rf8 {[%emt 0:00:00]} Kd2 {[%emt 0:01:42]} 68. Rf7 {[%emt 0:00:00]} Re2+ {[%emt 0:00:49]} 69. Kg1 {[%emt 0:00:00]} Ke3 {[%emt 0:00:11]} 70. Rf8 {[%emt 0:00:00]} Ra2 {[%emt 0:00:29]} 71. Rf7 {[%emt 0:00:00]} Ke4 {[%emt 0:00:26]} 72. Rf4+ {[%emt 0:00:00]} Ke3 {[%emt 0:00:01]} 73. Rf8 {[%emt 0:00:00]} Ra4 {[%emt 0:00:59]} 74. Kg2 {[%emt 0:00:00]} Ra2+ {[%emt 0:00:45]} 75. Kg1 {[%emt 0:00:00]} Ke4 1/2-1/2

[Event "KAZ-ch Men 2017"]
[Site "Almaty"]
[Date "2017.04.15"]
[Round "5"]
[White "Agmanov, Zhandos"]
[Black "Akhmetov, Ayan"]
[Result "1-0"]
[WhiteElo "2377"]
[BlackElo "2311"]
[Annotator "ChessBase"]
[PlyCount "129"]
[EventDate "2017.??.??"]
[EventType "tourn"]
[EventCountry "KAZ"]
[SourceTitle "playchess.com"]
[Source "ChessBase"]
[SourceQuality "1"]
[TimeControl "40/5400+30:1800+30"]

1. e4 {[%emt 0:00:00]} d6 {[%emt 0:13:00]} 2. d4 {[%emt 0:00:49]} Nf6 {[%emt 0:00:06]} 3. Nc3 {[%emt 0:00:49]} e5 {[%emt 0:00:16]} 4. Nf3 {[%emt 0:00:25]} Nbd7 {[%emt 0:00:09]} 5. Bc4 {[%emt 0:00:49]} Be7 {[%emt 0:00:07]} 6. O-O {[%emt 0:00:07]} O-O {[%emt 0:00:04]} 7. a4 {[%emt 0:01:16]} c6 {[%emt 0:02:37]} 8. Ba2 {[%emt 0:00:20]} h6 {[%emt 0:05:03]} 9. h3 {[%emt 0:05:32]} Re8 {[%emt 0:00:32]} 10. Re1 {[%emt 0:03:15]} Qc7 {[%emt 0:00:41]} 11. Nh4 {[%emt 0:10:40]} Nf8 {[%emt 0:03:26]} 12. f4 {[%emt 0:05:54]} exd4 {[%emt 0:04:24]} 13. Qxd4 {[%emt 0:06:06]} d5 {[%emt 0:00:49]} 14. e5 {[%emt 0:03:11]} Ne6 {[%emt 0:29:03]} 15. Qd1 {[%emt 0:03:39]} Qb6+ {[%emt 0:00:43]} 16. Kh2 {[%emt 0:12:28]} Ne4 {[%emt 0:00:33]} 17. Nf5 {[%emt 0:05:34]} N6c5 {[%emt 0:02:31]} 18. Nxe7+ {[%emt 0:04:24]} Rxe7 {[%emt 0:00:03]} 19. a5 {[%emt 0:09:05]} Qc7 {[%emt 0:08:09]} 20. Nxe4 {[%emt 0:00:26]} Nxe4 {[%emt 0:01:29]} 21. c4 {[%emt 0:00:43]} Be6 {[%emt 0:01:41]} 22. cxd5 {[%emt 0:05:28]} cxd5 {[%emt 0:00:01]} 23. Be3 {[%emt 0:04:29]} Qxa5 {[%emt 0:02:00]} 24. Qd4 {[%emt 0:00:33]} Qb5 {[%emt 0:05:19]} 25. Bb1 {[%emt 0:03:01]} Rc8 {[%emt 0:04:54]} 26. Bd3 {[%emt 0:00:48]} Qd7 {[%emt 0:00:32]} 27. Qxa7 {[%emt 0:03:34]} f6 {[%emt 0:01:09]} 28. Bxe4 {[%emt 0:03:11]} dxe4 {[%emt 0:00:09]} 29. Rad1 {[%emt 0:00:14]} Qb5 {[%emt 0:01:15]} 30. exf6 {[%emt 0:00:31]} gxf6 {[%emt 0:00:06]} 31. Qd4 {[%emt 0:00:09]} Qf5 {[%emt 0:02:04]} 32. Rc1 {[%emt 0:05:20]} Rxc1 {[%emt 0:01:37]} 33. Rxc1 {[%emt 0:00:01]} Rd7 {[%emt 0:00:33]} 34. Qb6 {[%emt 0:00:10]} h5 {[%emt 0:04:44]} 35. Rc5 {[%emt 0:01:09]} Bd5 {[%emt 0:00:01]} 36. Rc8+ {[%emt 0:00:43]} Kh7 {[%emt 0:00:08]} 37. Rf8 {[%emt 0:00:21]} Bc6 {[%emt 0:02:33]} 38. Qa7 {[%emt 0:01:35]} Qg6 {[%emt 0:00:16]} 39. Qb8 {[%emt 0:00:41]} Qg7 {[%emt 0:00:06]} 40. Qe8 {[%emt 0:01:42]} Rd5 {[%emt 0:31:44]} 41. Qxe4+ {[%emt 0:05:55]} Kh6 {[%emt 0:00:00]} 42. Rc8 {[%emt 0:09:43]} Rd8 {[%emt 0:00:00]} 43. Rxc6 {[%emt 0:02:10]} bxc6 {[%emt 0:00:00]} 44. Qxc6 {[%emt 0:00:28]} Qe7 {[%emt 0:00:00]} 45. Bc5 {[%emt 0:00:42]} Qf7 {[%emt 0:00:00]} 46. b4 {[%emt 0:02:24]} Kg6 {[%emt 0:00:00]} 47. Qe4+ {[%emt 0:04:16]} Kg7 {[%emt 0:00:00]} 48. Bf2 {[%emt 0:03:19]} Rd2 {[%emt 0:00:00]} 49. Be1 {[%emt 0:00:01]} Rb2 {[%emt 0:00:00]} 50. Bc3 {[%emt 0:00:09]} Rb3 {[%emt 0:00:00]} 51. Qd4 {[%emt 0:00:33]} Qe6 {[%emt 0:00:00]} 52. Qc5 {[%emt 0:00:17]} Kg6 {[%emt 0:03:35]} 53. f5+ {[%emt 0:01:22]} Qxf5 {[%emt 0:00:08]} 54. Qc4 {[%emt 0:00:04]} Qb1 {[%emt 0:01:37]} 55. Qg8+ {[%emt 0:00:50]} Kf5 {[%emt 0:01:42]} 56. Qf7 {[%emt 0:00:16]} Ke4 {[%emt 0:01:23]} 57. Qxf6 {[%emt 0:00:23]} Kd5 {[%emt 0:00:40]} 58. Qe5+ {[%emt 0:00:32]} Kc6 {[%emt 0:00:03]} 59. Qe6+ {[%emt 0:00:13]} Kc7 {[%emt 0:02:01]} 60. Be5+ {[%emt 0:00:33]} Kd8 {[%emt 0:00:02]} 61. Bd6 {[%emt 0:01:10]} Qc2 {[%emt 0:00:53]} 62. Qe7+ {[%emt 0:00:22]} Kc8 {[%emt 0:00:02]} 63. Qe8+ {[%emt 0:01:28]} Kb7 {[%emt 0:00:01]} 64. Qd7+ {[%emt 0:00:28]} Ka6 {[%emt 0:01:45]} 65. Bc5 {[%emt 0:00:17]} 1-0

[Event "KAZ-ch Men 2017"]
[Site "Almaty"]
[Date "2017.04.15"]
[Round "5"]
[White "Nugumanov, Bakhtiyar"]
[Black "Saduakassova, Dinara"]
[Result "*"]
[WhiteElo "2350"]
[BlackElo "2449"]
[Annotator "TA"]
[PlyCount "27"]
[EventDate "2017.??.??"]
[EventType "tourn"]
[EventCountry "KAZ"]
[SourceTitle "playchess.com"]
[Source "ChessBase"]
[SourceQuality "1"]

{[%evp 11,12,22,35]} 1. c4 e5 2. g3 c6 3. Nf3 e4 4. Nd4 d5 5. cxd5 Qxd5 {A20: English Opening: 1...e5} 6. Nc2 Nf6 {LiveBook: 18 Games} 7. Nc3 $146 Qe5 8. Bg2 Be7 9. Ne3 Na6 10. Qc2 Nb4 11. Qb1 Be6 12. b3 Nbd5 13. Bb2 Nxe3 14. fxe3 {½-½ (59) Hammer,J (2651)-Navara,D (2742) Novy Bor 2016} *

[Event "KAZ-ch Men 2017"]
[Site "Almaty"]
[Date "2017.04.16"]
[Round "6"]
[White "Jumabayev, Rinat"]
[Black "Utegaliyev, Azamat"]
[Result "1/2-1/2"]
[WhiteElo "2614"]
[BlackElo "2516"]
[Annotator "TA"]
[PlyCount "91"]
[EventDate "2017.??.??"]
[EventType "tourn"]
[EventCountry "KAZ"]
[SourceTitle "playchess.com"]
[Source "ChessBase"]
[SourceQuality "1"]

{[%evp 12,91,27,22,22,12,20,19,28,15,19,19,18,-3,31,31,31,34,31,27,42,25,38,30,50,52,52,38,66,49,96,84,83,75,112,57,100,52,56,14,108,113,109,0,2,0,9,0,9,9,14,0,9,0,9,0,0,-7,0,0,4,2,13,8,8,12,10,9,14,0,0,0,0,0,9,12,26,20,26,0,25,0]} 1. Nf3 Nf6 2. c4 c5 3. Nc3 Nc6 4. d4 cxd4 5. Nxd4 Qb6 6. Nb3 e6 7. e4 Bb4 {A31: Symmetrical English: 2 Nf3 Nf6 3 d4} 8. Bd3 O-O (8... Ne5 9. O-O Qd6 10. Bf4 Bxc3 11. bxc3 Qxd3 12. Bxe5 Qxd1 13. Raxd1 Nxe4 14. Rfe1 f6 15. Rxe4 fxe5 16. Rxe5 b6 17. Nd4 Ba6 18. Nf5 g6 19. Nd6+ Ke7 20. Rd4 {½-½ (20) Mareco,S (2581)-Alekseev,E (2698) Zuerich 2013}) 9. O-O Bxc3 {The position is equal.} 10. bxc3 d6 11. Bg5 $146 (11. Ba3 Rd8 12. Re1 e5 {½-½ (27) Shabalov,A (2534)-Wang,R (2307) Calgary 2012}) 11... Nd7 12. Be2 Qc7 13. Nd4 Nxd4 14. cxd4 b6 15. Qd3 h6 16. Bc1 e5 17. Rd1 Nf6 18. Ba3 {Threatens to win with dxe5.} Re8 19. Rac1 Ba6 20. Qe3 $36 {[%mdl 2048] White is more active.} Qc6 21. f3 Rad8 22. Bf1 Nh7 23. Qc3 ({White should try} 23. d5 $16 Qc8 24. Bb4) 23... Qc7 24. Rd2 Nf8 25. Rcd1 f6 {[#]} (25... Rc8 $11 {remains equal.}) 26. Qb3 $1 $16 {Black must now prevent c5+.} Ne6 {[#]} 27. Qa4 (27. c5 $1 $16 Bxf1 28. dxe5) 27... Bc8 28. Bb2 Kh7 29. Kh1 Kh8 30. Qa3 Kh7 31. Qa4 Kh8 32. Qc2 Kh7 33. Rc1 Kh8 34. Qd1 Kh7 35. Bd3 Kh8 36. Bc2 Rf8 37. Bb3 Nxd4 38. Bxd4 exd4 39. Rxd4 f5 40. Bc2 fxe4 41. Bxe4 Bf5 42. Bd5 Qd7 43. Qd2 Be6 44. Be4 Bf5 45. Bd5 Be6 46. Be4 1/2-1/2